Leyendas de mar y tierra / (Record no. 44106)

MARC details
000 -LEADER
campo de control de longitud fija 00451nam a2200169 i 4500
001 - NÚMERO DE CONTROL
campo de control 44106
003 - IDENTIFICADOR DE NÚMERO DE CONTROL
campo de control ES-MaACL
005 - FECHA Y HORA DE LA ÚLTIMA TRANSACCIÓN
campo de control 20230906160945.0
007 - CAMPO FIJO DE DESCRIPCIÓN FÍSICA--INFORMACIÓN GENERAL
campo de control de longitud fija t|
008 - DATOS DE LONGITUD FIJA--INFORMACIÓN GENERAL
campo de control de longitud fija 030320q1930 sp |||| | spa d
080 ## - NÚMERO DE LA CLASIFICACIÓN DECIMAL UNIVERSAL
Número de la Clasificación Decimal Universal 821.134.2-34"19"
100 1# - ENTRADA PRINCIPAL--NOMBRE DE PERSONA
Nombre de persona Cirre, José.
9 (RLIN) 151207
245 10 - MENCIÓN DEL TÍTULO
Título Leyendas de mar y tierra /
Mención de responsabilidad, etc. José Cirre.
260 ## - PUBLICACIÓN, DISTRIBUCIÓN, ETC.
Lugar de publicación, distribución, etc. [Almería :
Nombre del editor, distribuidor, etc. s.n.,
Fecha de publicación, distribución, etc. ca. 1930] (
Fabricante Imp. Iberia)
300 ## - DESCRIPCIÓN FÍSICA
Extensión 190 p. ;
Dimensiones 16 cm.
852 4# - LOCALIZACIÓN
Ubicación ES-MaACL
Número de control de estantería C-8055
Holdings
Estatus retirado Estado de pérdida Estado de daño No para préstamo Biblioteca de origen Biblioteca actual Ubicación en estantería Fecha de adquisición Fuente de adquisición Total de préstamos Signatura topográfica completa Código de barras Visto por última vez Precio de reemplazo Tipo de ítem Koha
        Biblioteca del Ateneo de Madrid Biblioteca del Ateneo de Madrid Sala Palomar 17/01/2008     C-8055 1046423 23/02/2023 23/02/2023 Libro impreso